| 000 | 00948nam a2200289Ia 4500 | ||
|---|---|---|---|
| 003 | OSt | ||
| 005 | 20221007123905.0 | ||
| 006 | a|||||r|||| 00| 0 | ||
| 007 | ta | ||
| 008 | 221006b |||||||| |||| 00| 0 eng d | ||
| 020 |
_a81286509724 (pbk) _c1596 |
||
| 024 | _a80877 | ||
| 037 |
_b2337, 24/03/2008, Indraprastha Books & Periodicals _cTextual |
||
| 040 |
_aCDL _cCDL _beng |
||
| 041 |
_2eng _aeng |
||
| 082 | _aE5:3, N8;13-;16 Carc | ||
| 100 | _aSilverstein Robert M | ||
| 245 | 0 |
_aSpectrometric identification of organic compounds _b Webster Francis X |
|
| 250 | _a6 | ||
| 260 |
_aNew _bDelhi Wiley India _c1998 |
||
| 300 |
_axiv,482p. _ccm. |
||
| 500 | _aIndex 477-482p | ||
| 650 | _aChemistry | ||
| 700 | _a Webster Francis X | ||
| 942 |
_hE5:3, N8;13-;16 Carc _cTEXL _2CC |
||
| 999 |
_c1212617 _d1212617 |
||